| 000 -LEADER |
| fixed length control field |
nam a22 a 4500 |
| 003 - CONTROL NUMBER IDENTIFIER |
| control field |
AM-YeNLA |
| 005 - DATE AND TIME OF LATEST TRANSACTION |
| control field |
20260302130722.0 |
| 007 - PHYSICAL DESCRIPTION FIXED FIELD--GENERAL INFORMATION |
| fixed length control field |
ta |
| 008 - FIXED-LENGTH DATA ELEMENTS--GENERAL INFORMATION |
| fixed length control field |
260302s2025 ai d|||cr|||||000|0|arm|| |
| 020 ## - INTERNATIONAL STANDARD BOOK NUMBER |
| International Standard Book Number |
978-9939-75-266-2 |
| 040 ## - CATALOGING SOURCE |
| Language of cataloging |
arm |
| Transcribing agency |
AM-YeNLA |
| 041 0# - LANGUAGE CODE |
| Language code of text/sound track or separate title |
arm |
| 100 1# - MAIN ENTRY--PERSONAL NAME |
| Personal name |
Թովմասյան, Թամարա |
| 245 00 - TITLE STATEMENT |
| Title |
Մայրենի 5-6 : |
| Remainder of title |
Մեթոդական ձեռնարկ / |
| Statement of responsibility, etc. |
Թ. Թովմասյան. |
| 250 ## - EDITION STATEMENT |
| Edition statement |
Լրամշակված և նորացված |
| 260 ## - PUBLICATION, DISTRIBUTION, ETC. (IMPRINT) |
| Place of publication, distribution, etc. |
Երևան : |
| Name of publisher, distributor, etc. |
Էդիթ Պրինտ, |
| Date of publication, distribution, etc. |
2025. |
| 300 ## - PHYSICAL DESCRIPTION |
| Extent |
295 էջ : |
| Other physical details |
աղյուսակներ ; |
| Dimensions |
23 սմ. |
| 505 0# - FORMATTED CONTENTS NOTE |
| Formatted contents note |
Թեմատիկ պլանավորումներ ; Հայտորոշիչ թեստեր ; Ամփոփոիչ գրավոր աշխատանքներ ; Էսսեի նմուշօրինակներ։ |
| 650 14 - SUBJECT ADDED ENTRY--TOPICAL TERM |
| Topical term or geographic name as entry element |
Հայոց լեզու |
| Form subdivision |
Ուսումնական ձեռնարկներ |
| 942 ## - ADDED ENTRY ELEMENTS (KOHA) |
| Source of classification or shelving scheme |
|
| Koha item type |
Books |